| 000 | 01361cam a22003494a 4500 | ||
|---|---|---|---|
| 001 | 17108224 | ||
| 005 | 20170105102917.0 | ||
| 008 | 120106s2012 enka b 000 0 eng | ||
| 010 | _a 2011052934 | ||
| 016 | 7 |
_a015859847 _2Uk |
|
| 020 | _a9780230279872 (alk. paper) | ||
| 035 | _a(OCoLC)ocn729342630 | ||
| 040 |
_aDLC _cDLC _dYDX _dBTCTA _dUKMGB _dYDXCP _dDLC |
||
| 042 | _apcc | ||
| 043 | _ap------ | ||
| 050 | 0 | 0 |
_aHD9502.P16 _bE55 2012 |
| 082 | 0 | 0 |
_a333.79095 _223 |
| 245 | 0 | 0 |
_aEnergy security in the era of climate change : _bthe Asia-Pacific experience / _cedited by Luca Anceschi, Jonathan Symons. |
| 260 |
_aHoundmills, Basingstoke, Hampshire ; _aNew York : _bPalgrave Macmillan, _c2012. |
||
| 300 |
_axvii, 299 p. : _bill. ; _c23 cm. |
||
| 490 | 1 | _aEnergy, climate and the environment series | |
| 504 | _aIncludes bibliographical references and index. | ||
| 650 | 0 |
_aEnergy security _zPacific Area. |
|
| 650 | 0 |
_aEnergy policy _xEnvironmental aspects _zPacific Area. |
|
| 650 | 0 | _aClimatic changes. | |
| 700 | 1 |
_aAnceschi, Luca, _d1976- |
|
| 700 | 1 |
_aSymons, Jonathan, _d1976- |
|
| 830 | 0 | _aEnergy, climate, and the environment series. | |
| 906 |
_a7 _bcbc _corignew _d1 _eecip _f20 _gy-gencatlg |
||
| 942 |
_2ddc _cBK |
||
| 999 |
_c15422 _d15422 |
||